000 01296cam a22003614i 4500
003 PE-LiUPU
005 20250731175624.0
008 150623s r 000 0 d
035 _a(Sirsi) a24020
040 _aPE-LiUPU
_bspa
_cPE-LiUPU
_erda
082 0 4 _a411.09
_bC68L
_221
100 1 _aCohen, Marcel,
_eautor.
245 1 3 _aLa grande invention de l'ecriture et son evolution :
_bplanches /
_cMarcel Cohen.
264 1 _aParís :
_bLibrairie C. Klincksieck,
_c1958.
300 _a390 páginas :
_bilustraciones, fotos, gráficos ;
_c27 cm.
336 _atext
_2rdacontent
337 _aunmediated
_2rdamedia
338 _avolume
_2rdacarrier
500 _aContiene: 95 láminas.
505 0 _a95 láminas.
526 _aP145
526 _aP127
526 _aP97
526 _aP35
526 _aP14
526 _aP07
650 0 4 _aEscritura
_xHistoria
_vLáminas.
942 _2ddc
_cBOOK
949 _a411.09 C68L
_wDEWEY
_c1
_i48273
_lCCODEBUL1
_mBUL
_p00.00
_r0
_sY
_tBOOK
_u2015-06-24
_xBIBLIOTECA
_zUNKNOWN
_0COMPRA
_o.STAFF. Colección General
596 _a1
999 _a411.09 C68L
_wDEWEY
_c25862
_i48273
_f2021-11-5
_g5
_lCCODEBUL1
_mBUL
_r0
_sN
_tBOOK
_u2015-6-24
_xBIBLIOTECA
_zUNKNOWN
_0COMPRA
_o.STAFF. Colección General
_d25862
980 _81
_gALBERTO SANCHEZ Responsable de Automatización